00389nam a2200121Ia 45000010005000000080041000050820028000461000076000742450049001502600025001999010028002249990015002522293241024s9999 xx 000 0 und d aRD/370.97293/R426g/1999 aRepública Dominicana. Secretaría de Estado de Educación y Cultura 0aLa Gestión productiva del Centro Educativo bEd. Centenarioc1999 a29/6/2012 10:38:25 a.m. c9068d9068